Catálogo de las obras de legislación, jurisprudencia, sociología, comercio, hacienda, administración, etc, que se hallan de venta en la Librería de Antonio Martínez Gayo (de la Asociación de la Librerá), sucesor de F. Iravedra. (Record no. 185041)

MARC details
000 -LEADER
campo de control de longitud fija 00759nam a2200169 i 4500
001 - NÚMERO DE CONTROL
campo de control 185041
003 - IDENTIFICADOR DE NÚMERO DE CONTROL
campo de control ES-MaACL
005 - FECHA Y HORA DE LA ÚLTIMA TRANSACCIÓN
campo de control 20230906222333.0
008 - DATOS DE LONGITUD FIJA--INFORMACIÓN GENERAL
campo de control de longitud fija 160308s1906 sp |||| | spa d
110 2# - ENTRADA PRINCIPAL--NOMBRE DE ENTIDAD CORPORATIVA
Nombre de entidad corporativa o nombre de jurisdicción como elemento de entrada Librería de Antonio Martínez Gayo.
9 (RLIN) 159002
245 10 - MENCIÓN DEL TÍTULO
Título Catálogo de las obras de legislación, jurisprudencia, sociología, comercio, hacienda, administración, etc, que se hallan de venta en la Librería de Antonio Martínez Gayo (de la Asociación de la Librerá), sucesor de F. Iravedra.
260 ## - PUBLICACIÓN, DISTRIBUCIÓN, ETC.
Lugar de publicación, distribución, etc. Madrid :
Nombre del editor, distribuidor, etc. Librería de A. Martínez Gayo,
Fecha de publicación, distribución, etc. 1906.
300 ## - DESCRIPCIÓN FÍSICA
Extensión 113 p. ;
Dimensiones 23 cm.
610 24 - PUNTO DE ACCESO ADICIONAL DE MATERIA--NOMBRE DE ENTIDAD CORPORATIVA
Nombre de entidad corporativa o nombre de jurisdicción como elemento de entrada Librería de Antonio Martínez Gayo-
Subdivisión de forma Catálogos.
9 (RLIN) 159003
650 #4 - PUNTO DE ACCESO ADICIONAL DE MATERIA--TÉRMINO DE MATERIA
Término de materia o nombre geográfico como elemento de entrada Libros-
Subdivisión de forma Catálogos comerciales.
9 (RLIN) 159004
852 ## - LOCALIZACIÓN
Ubicación ES-MaACL
Número de control de estantería 1530-F-9
Holdings
Estatus retirado Estado de pérdida Estado de daño No para préstamo Colección Biblioteca de origen Biblioteca actual Ubicación en estantería Fecha de adquisición Fuente de adquisición Total de préstamos Signatura topográfica completa Código de barras Visto por última vez Precio de reemplazo Tipo de ítem Koha
        Colección de folletos Biblioteca del Ateneo de Madrid Biblioteca del Ateneo de Madrid Depósito folletos 08/03/2016     1530-F-9 1194902 23/02/2023 23/02/2023 Folleto